[Event "1st Asian Club Cup"]
[Site "Al Ain UAE"]
[Date "2008.12.31"]
[EventDate "2008.12.31"]
[Round "7.2"]
[Result "1/2-1/2"]
[White "Wang Hao"]
[Black "Wesley So"]
[WhiteElo "2696"]
[BlackElo "2610"]
[PlyCount "61"]

1. d4 Nf6 2. c4 c6 3. Nf3 d5 4. Nc3 a6 5. c5 Bf5 6. Bf4 Nbd7
7. e3 Nh5 8. Be5 f6 9. Bg3 e5 10. Bh4 Be7 11. Be2 g6 12. b4
Ng7 13. Nd2 Be6 14. Bg3 e4 15. f3 exf3 16. gxf3 O-O 17. Nb3 f5
18. Qd2 Nh5 19. f4 Nhf6 20. a4 Ne4 21. Nxe4 fxe4 22. Na5 Qc8
23. Qc3 Bd8 24. Kd2 Nf6 25. Bh4 Bg4 26. Bxf6 Rxf6 27. Bxg4
Qxg4 28. Rag1 Qf3 29. Nb3 Bc7 30. Kc2 Qe2+ 31. Qd2 1/2-1/2

[Event "Russian Team Championship"]
[Site "Dagomys"]
[Date "2009.04.05"]
[EventDate "?"]
[Round "2"]
[Result "1-0"]
[White "Alexey Shirov"]
[Black "Wang Hao"]
[WhiteElo "2745"]
[BlackElo "2696"]
[PlyCount "45"]

1. e4 c5 2. Nf3 d6 3. d4 cxd4 4. Nxd4 Nf6 5. Nc3 a6 6. Bg5 e6
7. f4 Qb6 8. Qd2 Qxb2 9. Rb1 Qa3 10. e5 dxe5 11. fxe5 Nfd7
12. Ne4 h6 13. Bh4 Qxa2 14. Rd1 Qd5 15. Qe3 Bc5 16. Nxe6 Bb4+
17. c3 Qxe6 18. cxb4 O-O 19. Rd6 Qxe5 20. Bc4 Nc6 21. O-O Qh5
22. Qf4 Nde5 23. Rxh6 1-0

[Event "Russian Team Championship"]
[Site "Dagomys"]
[Date "2009.04.07"]
[EventDate "?"]
[Round "4"]
[Result "1/2-1/2"]
[White "Andrei Volokitin"]
[Black "Wang Hao"]
[WhiteElo "2671"]
[BlackElo "2696"]
[PlyCount "140"]

1. e4 e5 2. Nf3 Nc6 3. Bb5 a6 4. Ba4 Nf6 5. O-O Be7 6. Re1 b5
7. Bb3 d6 8. c3 O-O 9. h3 Bb7 10. d4 Re8 11. Nbd2 Bf8 12. Bc2
g6 13. d5 Nb8 14. c4 Nbd7 15. b3 b4 16. Nf1 a5 17. Bg5 h6
18. Be3 c5 19. g4 h5 20. Ng5 hxg4 21. hxg4 Be7 22. Qf3 Nf8
23. Nh2 N8h7 24. Nh3 Nd7 25. Kg2 Ng5 26. Qg3 Kg7 27. Nf3 Nxh3
28. Qxh3 Rh8 29. Qg3 Nf6 30. Nd2 Qd7 31. Bd1 Bc8 32. f4 Nxg4
33. Bxg4 Qxg4 34. fxe5 dxe5 35. Nf3 Bd6 36. Rh1 Bd7 37. Qxg4
Bxg4 38. a3 bxa3 39. Rxh8 Rxh8 40. Bf2 f5 41. Rxa3 Bxf3+
42. Kxf3 Ra8 43. Be1 Bc7 44. Bf2 Bb6 45. Ra1 Rh8 46. Kg2 f4
47. Rh1 Rb8 48. Rd1 Kf6 49. Kf3 Rh8 50. Kg4 Ke7 51. Bh4+ Kd6
52. Rh1 g5 53. Kxg5 Bd8+ 54. Kg4 Rh7 55. Rh3 Rg7+ 56. Kf5 Rh7
57. Kg4 Rg7+ 58. Kf5 Bxh4 59. Rxh4 Rf7+ 60. Kg4 Rg7+ 61. Kf5
Rf7+ 62. Kg4 f3 63. Rh6+ Ke7 64. Rh1 f2 65. Rf1 Rf4+ 66. Kg3
a4 67. bxa4 Rxe4 68. Kxf2 Rxc4 69. Ra1 Kd6 70. a5 Kxd5 1/2-1/2

[Event "Russian Team Championship"]
[Site "Dagomys"]
[Date "2009.04.08"]
[EventDate "?"]
[Round "5"]
[Result "1/2-1/2"]
[White "Wang Hao"]
[Black "Artyom Timofeev"]
[WhiteElo "2696"]
[BlackElo "2677"]
[PlyCount "39"]

1. e4 c5 2. Nf3 d6 3. d4 cxd4 4. Nxd4 Nf6 5. Nc3 e6 6. Be3 Nc6
7. Be2 Be7 8. Qd2 e5 9. Nb3 Nxe4 10. Nxe4 d5 11. Bf3 dxe4
12. Qxd8+ Bxd8 13. Bxe4 Bb6 14. O-O-O Bxe3+ 15. fxe3 Ke7
16. Nc5 Rd8 17. Rxd8 Nxd8 18. Rf1 g6 19. c4 Rb8 20. Bd5
1/2-1/2

[Event "Russian Team Championship"]
[Site "Dagomys"]
[Date "2009.04.09"]
[EventDate "?"]
[Round "6"]
[Result "1/2-1/2"]
[White "Wang Hao"]
[Black "Evgeny Alekseev"]
[WhiteElo "2696"]
[BlackElo "2716"]
[PlyCount "119"]

1. d4 Nf6 2. c4 e6 3. Nf3 d5 4. Nc3 Bb4 5. cxd5 exd5 6. Bg5
Nbd7 7. Qa4 c5 8. dxc5 Bxc3+ 9. bxc3 O-O 10. Qb4 a5 11. Qd4
Re8 12. Nd2 h6 13. Bh4 Qc7 14. e3 g5 15. Bg3 Qxc5 16. Nb3 Qc6
17. c4 dxc4 18. Qxc4 Ne4 19. Qxc6 bxc6 20. Rc1 Ndf6 21. Bc4
Ba6 22. Bxa6 Rxa6 23. O-O a4 24. Nd4 c5 25. Nf5 Nxg3 26. Nxg3
Rc8 27. e4 c4 28. f3 Rb6 29. Nf5 Kh7 30. Ne3 c3 31. Rf2 a3
32. Nc2 Nd7 33. Nxa3 Ne5 34. Rfc2 Ra8 35. Rb1 Rba6 36. Nb5
Rxa2 37. Rxa2 Rxa2 38. Nxc3 Rc2 39. Nd5 h5 40. h3 h4 41. Rb7
Rc1+ 42. Kf2 Rc2+ 43. Ke3 Kg7 44. f4 gxf4+ 45. Nxf4 Ng6
46. Ne2 Ra2 47. Rb3 Kf6 48. Rb6+ Kg7 49. Rc6 Rb2 50. Rc5 Ra2
51. e5 Kh7 52. Kf3 Ra3+ 53. Ke4 Ra2 54. Kf3 Ra3+ 55. Ke4 Ra2
56. Nd4 Rxg2 57. Rc7 Kg8 58. e6 fxe6 59. Nxe6 Nf8 60. Nf4
1/2-1/2

[Event "Russian Team Championship"]
[Site "Dagomys"]
[Date "2009.04.10"]
[EventDate "?"]
[Round "7"]
[Result "1/2-1/2"]
[White "Sergei Mushegovic Movsesian"]
[Black "Wang Hao"]
[WhiteElo "2747"]
[BlackElo "2696"]
[PlyCount "44"]

1. g3 e5 2. Bg2 Nf6 3. d3 Nc6 4. Nf3 d5 5. O-O Be7 6. Nc3 d4
7. Nb1 O-O 8. c3 Re8 9. a3 a5 10. a4 Nd5 11. Qc2 Bf6 12. e4
dxe3 13. fxe3 e4 14. dxe4 Nb6 15. Nbd2 Bg4 16. Nd4 Ne5 17. h3
Bh5 18. N2b3 Nbc4 19. Nf5 Qd3 20. Qf2 Qd8 21. Qc2 Qd3 22. Qf2
Qd8 1/2-1/2

[Event "Chinese Championship"]
[Site "Xinghua Jiangsu CHN"]
[Date "2009.05.27"]
[EventDate "2009.05.26"]
[Round "2"]
[Result "1-0"]
[White "Wang Hao"]
[Black "Ni Hua"]
[WhiteElo "2696"]
[BlackElo "2724"]
[PlyCount "55"]

1. Nf3 d5 2. d4 Nf6 3. c4 c6 4. Nc3 dxc4 5. a4 Bf5 6. Ne5 Nbd7
7. Nxc4 Qc7 8. g3 e5 9. dxe5 Nxe5 10. Bf4 Nfd7 11. Bg2 g5
12. Ne3 gxf4 13. Nxf5 O-O-O 14. Qc2 Nc5 15. O-O fxg3 16. hxg3
a5 17. Rfd1 h5 18. Rxd8+ Qxd8 19. Rd1 Qf6 20. Bh3 Kb8 21. Qd2
h4 22. g4 Rg8 23. Kh1 Ne6 24. Ne4 Qg6 25. Qxa5 Nxg4 26. f3 Nh6
27. Qe5+ Ka7 28. Nf6 1-0

[Event "Chinese Championship"]
[Site "Xinghua Jiangsu CHN"]
[Date "2009.05.28"]
[EventDate "2009.05.26"]
[Round "3"]
[Result "0-1"]
[White "Yifan Hou"]
[Black "Wang Hao"]
[WhiteElo "2590"]
[BlackElo "2696"]
[PlyCount "118"]

1. e4 c5 2. Nf3 d6 3. d4 cxd4 4. Nxd4 Nf6 5. Nc3 a6 6. h3 e6
7. g4 Be7 8. Bg2 Nfd7 9. Be3 Nc6 10. Qe2 Nxd4 11. Bxd4 O-O
12. O-O b5 13. e5 d5 14. a3 Qc7 15. f4 Bc5 16. Qe3 Bxd4
17. Qxd4 Bb7 18. Rae1 Rac8 19. Rf2 Qb6 20. Qxb6 Nxb6 21. Nd1
Na4 22. c3 Nc5 23. Rd2 Nb3 24. Rf2 a5 25. Ne3 b4 26. axb4 axb4
27. c4 Nc5 28. Rd1 dxc4 29. Nxc4 Bxg2 30. Kxg2 Ne4 31. Rc2 f5
32. exf6 Rxf6 33. Kf3 Ng5+ 34. Kg3 Ne4+ 35. Kf3 Nc3 36. Rd4
Nb5 37. Rd3 e5 38. Ne3 Rxf4+ 39. Kg3 Rcf8 40. Nd5 Nd4 41. Rcd2
Re4 42. Kg2 b3 43. Ne7+ Kf7 44. Nf5 Nxf5 45. gxf5 Rb4 46. Rd7+
Kf6 47. R2d6+ Kxf5 48. Rxg7 Rc4 49. Kf3 e4+ 50. Kg3 Ke5
51. Rd1 Rf3+ 52. Kg4 h5+ 53. Kxh5 e3 54. Rg5+ Rf5 55. h4 e2
56. Re1 Re4 57. Kg6 Rxg5+ 58. hxg5 Kf4 59. Kf6 Ke3 0-1

[Event "Chinese Championship"]
[Site "Xinghua Jiangsu CHN"]
[Date "2009.05.29"]
[EventDate "2009.05.26"]
[Round "4"]
[Result "1-0"]
[White "Wang Hao"]
[Black "Zhou Weiqi"]
[WhiteElo "2696"]
[BlackElo "2563"]
[PlyCount "49"]

1. d4 d5 2. c4 dxc4 3. Nf3 a6 4. a4 Nf6 5. e3 Bg4 6. Bxc4 e6
7. Nc3 Nc6 8. h3 Bh5 9. O-O Bd6 10. Qe2 Qe7 11. Rd1 O-O 12. g4
Nxg4 13. hxg4 Bxg4 14. Kg2 f5 15. Rh1 Rf6 16. Qd1 f4 17. Ne4
Rg6 18. Kf1 Rf8 19. Be2 Nb4 20. Nxd6 Qxd6 21. exf4 Qd5 22. Ra3
Qe4 23. Rh4 Rd8 24. Re3 Qc6 25. Ne5 1-0

[Event "Chinese Championship"]
[Site "Xinghua Jiangsu CHN"]
[Date "2009.05.30"]
[EventDate "2009.05.26"]
[Round "5"]
[Result "0-1"]
[White "Li Chao"]
[Black "Wang Hao"]
[WhiteElo "2643"]
[BlackElo "2696"]
[PlyCount "126"]

1. e4 c5 2. Nf3 Nc6 3. Nc3 e6 4. d4 cxd4 5. Nxd4 Qc7 6. Be2 a6
7. O-O Nf6 8. Kh1 Be7 9. f4 d6 10. a4 O-O 11. Be3 Re8 12. Bf3
Bf8 13. Qd2 Rb8 14. Qf2 e5 15. Nde2 b5 16. axb5 axb5 17. f5
Nb4 18. Bg5 Qb6 19. Ng3 Qxf2 20. Rxf2 Nd7 21. Rd2 Nb6 22. b3
Bd7 23. Nce2 Ra8 24. Rad1 Rec8 25. Be3 Rab8 26. c3 Na6
27. Bxb6 Rxb6 28. b4 g6 29. Bg4 Ra8 30. Nf1 Bc6 31. Bf3 Nc7
32. g4 gxf5 33. gxf5 Ne8 34. Ne3 Bh6 35. Rd3 Bxe3 36. Rxe3 Kf8
37. Ng3 Bd7 38. Nh5 Ke7 39. Be2 Ra3 40. Rf1 Nf6 41. Nxf6 Kxf6
42. Rff3 Rb8 43. Kg1 Rg8+ 44. Kf2 Ke7 45. Rh3 Rg7 46. Rh6 f6
47. Reh3 d5 48. exd5 Bxf5 49. d6+ Ke6 50. Rf3 e4 51. Re3 Ra2
52. h3 Rd2 53. Ke1 Rxd6 54. Bxb5 Ke5 55. Rh5 Rg2 56. Bf1 Rb2
57. Be2 Kf4 58. Kf2 Bg6 59. Rh4+ Ke5 60. b5 f5 61. Kg3 Rdd2
62. Bf3 Rxb5 63. Rf4 Rb1 0-1

[Event "Chinese Championship"]
[Site "Xinghua Jiangsu CHN"]
[Date "2009.05.31"]
[EventDate "2009.05.26"]
[Round "6"]
[Result "0-1"]
[White "Li Shilong"]
[Black "Wang Hao"]
[WhiteElo "2557"]
[BlackElo "2696"]
[PlyCount "70"]

1. d4 Nf6 2. c4 e6 3. Nc3 Bb4 4. Nf3 b6 5. Qc2 Bb7 6. a3 Bxc3+
7. Qxc3 d6 8. e3 Nbd7 9. Be2 O-O 10. O-O Ne4 11. Qc2 f5 12. b4
Rf6 13. d5 Rg6 14. Bb2 c5 15. Rad1 Qe7 16. Qb3 Rf8 17. Ne1 Qh4
18. Qa4 Ne5 19. Qxa7 Ba8 20. Qc7 exd5 21. cxd5 Ng5 22. Bxe5
dxe5 23. Nf3 Qg4 24. Nxg5 Qxe2 25. f4 h6 26. Rfe1 Qg4 27. Rd2
hxg5 28. fxe5 Qe4 29. bxc5 bxc5 30. Qxc5 Qxe5 31. Qd4 Qxd4
32. Rxd4 Rd6 33. e4 fxe4 34. Rexe4 Bxd5 35. Re5 Bc4 0-1

[Event "Chinese Championship"]
[Site "Xinghua Jiangsu CHN"]
[Date "2009.06.03"]
[EventDate "2009.05.26"]
[Round "8"]
[Result "1/2-1/2"]
[White "Bu Xiangzhi"]
[Black "Wang Hao"]
[WhiteElo "2704"]
[BlackElo "2696"]
[PlyCount "38"]

1. Nf3 d5 2. d4 Nf6 3. c4 e6 4. Bg5 Bb4+ 5. Nc3 dxc4 6. e4 c5
7. Bxc4 cxd4 8. Nxd4 Qa5 9. Bxf6 Bxc3+ 10. bxc3 Qxc3+ 11. Kf1
gxf6 12. Bb5+ Ke7 13. Rc1 Qa5 14. e5 fxe5 15. Qh5 Nd7 16. Qg5+
Kf8 17. Qh6+ Ke7 18. Qg5+ Kf8 19. Qh6+ Ke7 1/2-1/2

[Event "Chinese Championship"]
[Site "Xinghua Jiangsu CHN"]
[Date "2009.06.04"]
[EventDate "2009.05.26"]
[Round "9"]
[Result "1-0"]
[White "Wang Hao"]
[Black "Ji Dan"]
[WhiteElo "2696"]
[BlackElo "2342"]
[PlyCount "91"]

1. e4 c5 2. Nf3 d6 3. d4 cxd4 4. Nxd4 Nf6 5. Nc3 a6 6. Bg5 e6
7. f4 h6 8. Bh4 Nbd7 9. Bc4 Qa5 10. Qe2 Qh5 11. Qxh5 Nxh5
12. f5 Ne5 13. Bb3 Nc6 14. O-O-O Be7 15. Bxe7 Kxe7 16. fxe6
fxe6 17. Nxc6+ bxc6 18. Rhf1 Nf6 19. e5 dxe5 20. Rfe1 Nd7
21. Ne4 Ra7 22. Rd6 Nb8 23. Rd3 Nd7 24. Rd6 Nb8 25. Red1 Rf8
26. Nc5 Rf1 27. Rxf1 Kxd6 28. Ne4+ Ke7 29. Rf3 Rc7 30. Bc4 c5
31. Rg3 Kf8 32. Nd6 Bd7 33. Rb3 Ke7 34. Rxb8 Kxd6 35. Rb6+ Bc6
36. Rxa6 Ke7 37. g3 Bd5 38. Be2 Kf6 39. Kd2 Kf5 40. Ke3 c4
41. b4 cxb3 42. axb3 Rb7 43. Ra4 e4 44. Ra3 Ke5 45. Bd1 Rd7
46. Ra5 1-0

[Event "Chinese Championship"]
[Site "Xinghua Jiangsu CHN"]
[Date "2009.06.06"]
[EventDate "2009.05.26"]
[Round "11"]
[Result "0-1"]
[White "Wang Hao"]
[Black "Chong Liang"]
[WhiteElo "2696"]
[BlackElo "2511"]
[PlyCount "136"]

1. e4 e5 2. Nf3 Nc6 3. Bb5 a6 4. Ba4 Nf6 5. O-O Be7 6. Re1 b5
7. Bb3 d6 8. c3 O-O 9. h3 Na5 10. Bc2 d5 11. d4 dxe4 12. Nxe5
c5 13. Bf4 cxd4 14. cxd4 Bb7 15. Nc3 Rc8 16. Nxe4 Bxe4
17. Bxe4 Bb4 18. Re2 Nxe4 19. Rxe4 Qd5 20. Re3 Rfd8 21. Qg4 f6
22. Nf3 Nc4 23. Re2 Re8 24. b3 Nb6 25. Rxe8+ Rxe8 26. Rd1 Re4
27. Qg3 Qe6 28. Bb8 Nd5 29. Kh2 Qc6 30. Nh4 Qe6 31. Rd3 Bf8
32. Rf3 Rxd4 33. Nf5 Re4 34. Bd6 Bxd6 35. Qxd6 Qxd6+ 36. Nxd6
Re6 37. Nb7 Rb6 38. Na5 Nb4 39. a4 bxa4 40. bxa4 Nc6 41. Nc4
Rb4 42. Rc3 Ne5 43. Nd6 h5 44. a5 Ra4 45. Rc5 Kh7 46. Ne8 Kg6
47. Nd6 Nd3 48. Rc7 Rxa5 49. Ne8 Nxf2 50. Rxg7+ Kh6 51. Rf7
Ne4 52. h4 Re5 53. Nxf6 Kg6 54. Nd7 Kxf7 55. Nxe5+ Ke6 56. Nc4
Kd5 57. Na5 Kc5 58. g3 Kb5 59. Nb3 a5 60. Kg2 a4 61. Nc1 a3
62. Kf3 Nc5 63. g4 Nd3 64. Na2 Ne5+ 65. Kf4 Nxg4 66. Kg5 Kc4
67. Kxh5 Ne5 68. Kh6 Kb3 0-1

[Event "Maotai Prince Cup Kings"]
[Site "Jinzhou"]
[Date "2009.09.18"]
[EventDate "?"]
[Round "2"]
[Result "1/2-1/2"]
[White "Bu Xiangzhi"]
[Black "Wang Hao"]
[WhiteElo "2702"]
[BlackElo "2690"]
[PlyCount "80"]

1.d4 Nf6 2.c4 e6 3.Nc3 Bb4 4.Qc2 O-O 5.a3 Bxc3+ 6.Qxc3 b6
7.Bg5 Bb7 8.e3 d6 9.Ne2 Nbd7 10.Qd3 h6 11.Bh4 Ba6 12.Nc3 d5
13.Qc2 Bxc4 14.Bxc4 dxc4 15.Qa4 c5 16.Qxc4 cxd4 17.Qxd4 Qc7
18.O-O Rfc8 19.Rfd1 Qc4 20.Bg3 Qxd4 21.exd4 Nd5 22.Nxd5 exd5
23.Rac1 Nf8 24.Bf4 Ne6 25.Be3 f5 26.f3 Kf7 27.Kf1 Ke7 28.Ke2
Kd7 29.Kd3 Rxc1 30.Rxc1 a5 31.Bd2 Rc8 32.Rxc8 Kxc8 33.g4 f4
34.a4 Kd7 35.h4 g5 36.h5 Nd8 37.b4 Nc6 38.b5 Nd8 39.Bc1 Ne6
40.Ba3 Kc7 1/2-1/2

[Event "Maotai Prince Cup Kings"]
[Site "Jinzhou"]
[Date "2009.09.19"]
[EventDate "?"]
[Round "3"]
[Result "1/2-1/2"]
[White "Wang Hao"]
[Black "Ni Hua"]
[WhiteElo "2690"]
[BlackElo "2692"]
[PlyCount "81"]

1.d4 d5 2.c4 c6 3.Nf3 Nf6 4.Nc3 dxc4 5.a4 Bf5 6.Ne5 Nbd7
7.Nxc4 Nb6 8.Ne5 a5 9.f3 Nfd7 10.Nxd7 Nxd7 11.e4 Bg6 12.Be2 e6
13.O-O Bb4 14.Be3 O-O 15.Qb3 Qb6 16.Bf2 Bc5 17.Qd1 Bd6 18.Qc2
Rae8 19.Rac1 Qc7 20.g3 f5 21.Nb5 Qb8 22.Nxd6 Qxd6 23.e5 Qc7
24.Be1 Qb6 25.f4 Ra8 26.Qc4 Rfe8 27.Bf2 Re7 28.d5 exd5 29.Bxb6
dxc4 30.Bf2 Bf7 31.Rfd1 Nf6 32.Bxc4 Bxc4 33.exf6 Re4 34.fxg7
Bd5 35.Bd4 Bb3 36.Rd2 Rd8 37.Bc3 Rxd2 38.Bxd2 Kxg7 39.Rc5 Kg6
40.Rxa5 Rxa4 41.Rxa4 1/2-1/2

[Event "Maotai Prince Cup Kings"]
[Site "Jinzhou"]
[Date "2009.09.20"]
[EventDate "?"]
[Round "4"]
[Result "0-1"]
[White "Zhang Pengxiang"]
[Black "Wang Hao"]
[WhiteElo "2616"]
[BlackElo "2690"]
[PlyCount "122"]

1.e4 c6 2.d4 d5 3.Nc3 dxe4 4.Nxe4 Nd7 5.Nf3 Ngf6 6.Neg5 h6
7.Nh3 g5 8.Nhg1 e6 9.Bd3 Bd6 10.Ne2 b6 11.h4 g4 12.Nd2 Bb7
13.Nc4 Bc7 14.Bf4 Bxf4 15.Nxf4 Qc7 16.Qd2 c5 17.dxc5 Nxc5
18.Qe3 O-O-O 19.O-O Rhg8 20.Qe5 Qxe5 21.Nxe5 Nd5 22.Nh5 f6
23.Nc4 Bc6 24.Rad1 Be8 25.Ng3 Kc7 26.Rfe1 Nxd3 27.Rxd3 Bb5
28.b3 Nf4 29.Rc3 Nd5 30.Rd3 Nf4 31.Rc3 Kb7 32.Ne4 Bxc4 33.Rxc4
Nh5 34.a4 e5 35.g3 f5 36.Nc3 e4 37.a5 Rg7 38.axb6 axb6 39.Rb4
Rc7 40.Na4 Rc6 41.Rb5 Ng7 42.c4 Rd2 43.Nc3 Rc5 44.Rxc5 bxc5
45.Rb1 Ne6 46.b4 Kc6 47.b5+ Kb7 48.Ra1 Rc2 49.Nd5 Rxc4 50.b6
Nd4 51.Kg2 Kc6 52.Ne3 Rb4 53.Ra8 Rxb6 54.Rf8 Kb5 55.Nxf5 Nxf5
56.Rxf5 Kc4 57.Rf4 Kd3 58.Rxg4 c4 59.Rg8 Rd6 60.h5 c3 61.Rg6
Rd4 0-1

[Event "Maotai Prince Cup Kings"]
[Site "Jinzhou"]
[Date "2009.09.22"]
[EventDate "?"]
[Round "5"]
[Result "1/2-1/2"]
[White "Wang Hao"]
[Black "Wang Yue"]
[WhiteElo "2690"]
[BlackElo "2736"]
[PlyCount "80"]

1.d4 d5 2.c4 e6 3.Nf3 Nf6 4.g3 Be7 5.Bg2 O-O 6.O-O dxc4 7.Qc2
a6 8.a4 Bd7 9.Qxc4 Bc6 10.Bf4 a5 11.Nc3 Na6 12.Ne5 Bxg2
13.Kxg2 Nd5 14.Rad1 Nxf4+ 15.gxf4 Nb4 16.d5 exd5 17.Nxd5 Bd6
18.Ne3 Qe8 19.Nf3 Qc6 20.Qxc6 Nxc6 21.Nc4 Bxf4 22.e3 Bh6
23.Rd7 Rac8 24.Rfd1 g6 25.Nfe5 Nb8 26.R7d5 b6 27.Nd7 Nxd7
28.Rxd7 Rfe8 29.f4 Bg7 30.Kf3 Kf8 31.e4 Re7 32.Rd8+ Re8
33.R8d7 Bf6 34.e5 Be7 35.Ke4 Bc5 36.R7d5 Ra8 37.Kf3 Re6 38.Rd7
Rc8 39.Rc1 Re7 40.Rxe7 Kxe7 1/2-1/2

[Event "Maotai Prince Cup Kings"]
[Site "Jinzhou"]
[Date "2009.09.23"]
[EventDate "?"]
[Round "6"]
[Result "1/2-1/2"]
[White "Li Chao"]
[Black "Wang Hao"]
[WhiteElo "2617"]
[BlackElo "2690"]
[PlyCount "80"]

1.e4 e5 2.Nf3 Nc6 3.Bb5 a6 4.Ba4 Nf6 5.O-O Be7 6.Re1 b5 7.Bb3
d6 8.c3 O-O 9.d4 Bg4 10.Be3 exd4 11.cxd4 Na5 12.Bc2 c5 13.h3
Bxf3 14.Qxf3 cxd4 15.Bxd4 Rc8 16.Qd1 Nd7 17.Nc3 Bf6 18.Bxf6
Nxf6 19.Bd3 Nc4 20.Bxc4 Rxc4 21.Qd3 Qc7 22.a3 Re8 23.Rad1 Re6
24.Nd5 Nxd5 25.Qxd5 g6 26.Qa8+ Qc8 27.Qxc8+ Rxc8 28.Rd2 Rce8
29.Red1 Rxe4 30.Rxd6 Re1+ 31.Rxe1 Rxe1+ 32.Kh2 Re2 33.Rxa6
Rxb2 34.Rb6 Ra2 35.Rxb5 Rxa3 36.Rb2 h5 37.h4 Kg7 38.g3 Rc3
39.Kg2 Ra3 40.Rc2 Rb3 1/2-1/2

[Event "Maotai Prince Cup Kings"]
[Site "Jinzhou"]
[Date "2009.09.24"]
[EventDate "?"]
[Round "7"]
[Result "1-0"]
[White "Wang Hao"]
[Black "Zhou Jianchao"]
[WhiteElo "2690"]
[BlackElo "2623"]
[PlyCount "77"]

1.d4 Nf6 2.c4 g6 3.Nc3 d5 4.cxd5 Nxd5 5.e4 Nxc3 6.bxc3 Bg7
7.Bc4 c5 8.Ne2 Nc6 9.Be3 O-O 10.O-O Na5 11.Bd3 cxd4 12.cxd4
Bg4 13.Rb1 Rc8 14.f3 Bd7 15.d5 b6 16.Ba6 Rc7 17.Bf4 Rc5 18.Qd3
f5 19.h3 Bc8 20.Bb5 Bd7 21.Ba6 Bc8 22.Be3 Rc7 23.Bxc8 Qxc8
24.Bd4 e5 25.Bc3 Nc4 26.Bb4 Rd8 27.Rfc1 fxe4 28.fxe4 Bh6
29.Rc2 Nd6 30.Rbb2 Be3+ 31.Kh2 Bc5 32.Bxc5 Rxc5 33.Rxc5 Qxc5
34.Rc2 Qb4 35.Ng3 Rf8 36.Qe3 Nc4 37.Qg5 Kh8 38.d6 Nxd6 39.Qe7
1-0

[Event "World Cup"]
[Site "Khanty-Mansiysk RUS"]
[Date "2009.11.22"]
[EventDate "2009.11.21"]
[Round "1.2"]
[Result "1-0"]
[White "Wang Hao"]
[Black "Joshua E Friedel"]
[WhiteElo "2708"]
[BlackElo "2551"]
[PlyCount "87"]

1. Nf3 Nc6 2. e4 e5 3. Bb5 Nf6 4. O-O Bc5 5. Nxe5 O-O 6. Bxc6
bxc6 7. d4 Bb6 8. Nc3 Re8 9. Bg5 h6 10. Bh4 g5 11. Bg3 d6
12. Nxc6 Qd7 13. Qf3 Qxc6 14. Qxf6 Re6 15. d5 Rxf6 16. dxc6
Ba6 17. Rfd1 h5 18. Nd5 Re6 19. Nxb6 axb6 20. f3 h4 21. Be1 g4
22. Rd5 gxf3 23. gxf3 Rg6+ 24. Kf2 h3 25. Bc3 f6 26. Rg1 Rxg1
27. Kxg1 Kf7 28. Kf2 Rg8 29. Ke3 Rg2 30. Rf5 Rxh2 31. Rxf6+
Ke8 32. Rh6 Bb5 33. Rh8+ Kf7 34. Rh7+ Kg6 35. Rxc7 Re2+
36. Kf4 h2 37. Rg7+ Kh6 38. c7 h1=Q 39. c8=Q Qh2+ 40. Rg3 Qh4+
41. Rg4 Qh2+ 42. Kf5 Qh5+ 43. Kf6 Be8 44. Qc7 1-0

[Event "World Cup"]
[Site "Khanty-Mansiysk RUS"]
[Date "2009.11.24"]
[EventDate "2009.11.21"]
[Round "2.1"]
[Result "1-0"]
[White "Wang Hao"]
[Black "Surya Shekhar Ganguly"]
[WhiteElo "2708"]
[BlackElo "2654"]
[PlyCount "173"]

1. e4 c5 2. Nf3 d6 3. d4 cxd4 4. Nxd4 Nf6 5. Nc3 a6 6. Bg5 e6
7. f4 Be7 8. Qf3 Qc7 9. O-O-O Nbd7 10. Bd3 h6 11. Bh4 g5
12. fxg5 Ne5 13. Qe2 Nfg4 14. Nf3 hxg5 15. Bg3 Bd7 16. h3 Nxf3
17. hxg4 Rxh1 18. Rxh1 Nh4 19. Rf1 f6 20. Qf2 O-O-O 21. Bxh4
gxh4 22. Qxh4 Rg8 23. Kb1 Qd8 24. Qg3 Qa5 25. Be2 Rh8 26. Qd3
Kb8 27. a3 Qe5 28. Ka2 Be8 29. Qc4 Bd8 30. Qb3 Ka7 31. g5 Rg8
32. Rh1 fxg5 33. Bg4 Rg6 34. Rh7 Bc6 35. Bh5 Rf6 36. Be8 Bxe4
37. Rd7 Bb6 38. Nxe4 Qxe4 39. Rxd6 Qe3 40. Rd3 Qe4 41. Rd6 Qe3
42. Qxe3 Bxe3 43. Bh5 Rf2 44. Rxe6 Bf4 45. Bg6 g4 46. Be4 Bc7
47. Re7 Kb8 48. Re8+ Ka7 49. Rc8 Rf7 50. Bd5 Re7 51. c4 g3
52. c5 Rd7 53. Bf3 Be5 54. Re8 Bf6 55. Rf8 Bg7 56. Rg8 Be5
57. Rg6 Rg7 58. Re6 Bc7 59. Kb3 b6 60. Kc4 bxc5 61. Kxc5 Bf4
62. b4 Rc7+ 63. Bc6 Bg5 64. Rg6 Be3+ 65. Kd5 Bf2 66. a4 Be1
67. Kc5 Rf7 68. Be4 Rc7+ 69. Bc6 Rf7 70. Re6 Rf5+ 71. Kc4 Rf4+
72. Be4 Rf7 73. a5 Rc7+ 74. Kb3 Rc3+ 75. Ka4 Kb8 76. Rxa6 Rc4
77. Rb6+ Ka7 78. Rb7+ Ka6 79. Rb6+ Ka7 80. Bf3 Rf4 81. Kb3 Bd2
82. Rb7+ Ka6 83. Rb8 Be3 84. Bc6 Rf7 85. Ka4 Rf4 86. Re8 Bf2
87. Be4 1-0

[Event "World Cup"]
[Site "Khanty-Mansiysk RUS"]
[Date "2009.11.27"]
[EventDate "2009.11.21"]
[Round "3.1"]
[Result "1-0"]
[White "Shakhriyar Mamedyarov"]
[Black "Wang Hao"]
[WhiteElo "2719"]
[BlackElo "2708"]
[PlyCount "104"]

1. d4 d5 2. c4 c6 3. Nf3 Nf6 4. Nc3 dxc4 5. a4 Bf5 6. Ne5 Nbd7
7. Nxc4 Qc7 8. g3 e5 9. dxe5 Nxe5 10. Bf4 Nfd7 11. Bg2 g5
12. Ne3 gxf4 13. Nxf5 O-O-O 14. Qc2 Nc5 15. O-O fxg3 16. hxg3
a5 17. Rad1 h5 18. Rxd8+ Qxd8 19. Rd1 Qf6 20. e3 Kb8 21. Ne2
Ne6 22. Nh4 Bb4 23. Nd4 Nxd4 24. Rxd4 Rd8 25. Rxd8+ Qxd8
26. Bf3 Nxf3+ 27. Nxf3 Qd5 28. e4 Qa2 29. Kg2 Ka7 30. Nd4 Be7
31. f4 f6 32. b3 Qa3 33. Ne6 Qd6 34. Ng7 Kb6 35. Qf2+ Qc5
36. Ne6 Qxf2+ 37. Kxf2 c5 38. Ke3 Kc6 39. Kd3 b5 40. axb5+
Kxb5 41. Nc7+ Kb4 42. Nd5+ Kxb3 43. Nxe7 c4+ 44. Kd2 c3+
45. Kc1 a4 46. Nd5 a3 47. Ne3 a2 48. Nc2 Kc4 49. Kd1 a1=Q+
50. Nxa1 Kd4 51. e5 fxe5 52. f5 Kd5 1-0

[Event "Bosna"]
[Site "Sarajevo"]
[Date "2010.05.07"]
[EventDate "?"]
[Round "3"]
[Result "1-0"]
[White "Dmitry Svetushkin"]
[Black "Wang Hao"]
[WhiteElo "2547"]
[BlackElo "2722"]
[PlyCount "73"]

1.e4 c5 2.Nf3 d6 3.d4 cxd4 4.Nxd4 Nf6 5.Nc3 a6 6.Be3 e6 7.f3
b5 8.Qd2 Nbd7 9.g4 h6 10.O-O-O b4 11.Nce2 Qc7 12.Bg2 Ne5 13.b3
d5 14.exd5 Nxd5 15.f4 Nxg4 16.Bxd5 exd5 17.f5 Bb7 18.Bf4 Qa5
19.Kb1 Nf2 20.Qe3+ Ne4 21.Ng3 Be7 22.Nxe4 dxe4 23.Qg3 Bd5
24.Ne6 Bxe6 25.Qxg7 Rf8 26.fxe6 Qf5 27.exf7+ Rxf7 28.Qxh6 Rc8
29.Be3 Rf6 30.Qg7 Qg6 31.Qh8+ Rf8 32.Qe5 Qg2 33.Bd2 Rc5
34.Qb8+ Kf7 35.Qxb4 Rxc2 36.Rhf1+ Kg8 37.Rg1 1-0

[Event "Chinese Championship"]
[Site "Xinghua CHN"]
[Date "2010.05.26"]
[EventDate "2010.05.24"]
[Round "3"]
[Result "1/2-1/2"]
[White "Wang Hao"]
[Black "Ji Dan"]
[WhiteElo "2722"]
[BlackElo "2379"]
[PlyCount "86"]

1. e4 c5 2. Nf3 d6 3. d4 cxd4 4. Nxd4 Nf6 5. Nc3 a6 6. Be3 e5
7. Nb3 Be7 8. Qd2 Be6 9. f4 Qc7 10. f5 Bc4 11. O-O-O Nbd7
12. g4 h6 13. Kb1 b5 14. a3 Rc8 15. Rg1 Nb6 16. Na5 Bxf1
17. Rgxf1 Nbd7 18. Nb3 Qb8 19. Qd3 b4 20. axb4 Qxb4 21. Qxa6
O-O 22. g5 hxg5 23. Bxg5 Rxc3 24. bxc3 Qxe4 25. Rde1 Qg4
26. Bxf6 Nxf6 27. Kb2 Nd5 28. Qc6 Nf4 29. Qe4 Bf6 30. c4 Rc8
31. Rd1 Qh3 32. Rf2 d5 33. cxd5 Qc3+ 34. Kb1 Rc4 35. Rf3 Qb4
36. Qe3 e4 37. Rxf4 Rc3 38. Rxe4 Qa3 39. Re8+ Kh7 40. Qe2
Rxb3+ 41. cxb3 Qa1+ 42. Kc2 Qc3+ 43. Kb1 Qa1+ 1/2-1/2

[Event "Chinese Championship"]
[Site "Xinghua CHN"]
[Date "2010.05.27"]
[EventDate "2010.05.24"]
[Round "4"]
[Result "1/2-1/2"]
[White "Yifan Hou"]
[Black "Wang Hao"]
[WhiteElo "2589"]
[BlackElo "2722"]
[PlyCount "71"]

1. e4 c5 2. Nf3 Nc6 3. d4 cxd4 4. Nxd4 g6 5. c4 Nf6 6. Nc3
Nxd4 7. Qxd4 d6 8. Be2 Bg7 9. Bg5 O-O 10. Qd2 a5 11. O-O a4
12. Rad1 Be6 13. f4 Qa5 14. f5 gxf5 15. exf5 Bxf5 16. Bxf6
exf6 17. Nxa4 Be6 18. Nc3 f5 19. Kh1 Be5 20. Bd3 Kh8 21. Bxf5
Bxc3 22. Qxc3+ Qxc3 23. bxc3 Bxc4 24. Rf4 d5 25. Rh4 Rxa2
26. h3 Kg7 27. Rxh7+ Kf6 28. Bd3 Rg8 29. Bxc4 dxc4 30. Rf1+
Ke5 31. Rfxf7 Rgxg2 32. Re7+ Kd5 33. Rd7+ Ke4 34. Rhe7+ Kf3
35. Rf7+ Ke4 36. Rfe7+ 1/2-1/2